West Ham United Trivia - Statistics

General Stats
  • This quiz has been taken 1,041 times
    62 since last reset
  • The average score is 12 of 18
Answer Stats
Question Answer % Correct
What is West Ham United’s nickname? The {Hammers}
98%
Who is West Ham United's record sale, joining Arsenal for £100m in 2023? Declan Rice
91%
What is the name of West Ham United’s stadium? London Stadium
91%
Who is the current head coach of West Ham United? Nuno Espírito Santo
89%
Which legendary West Ham United midfielder captained the club from 2015 until 2022? Mark Noble
88%
Which three members of England’s 1966 World Cup-winning squad were West Ham United players at the time? Bobby Moore
84%
Who scored a 90th-minute winner as West Ham United defeated Fiorentina in the 2023 UEFA Europa Conference League final? Jarrod Bowen
81%
Who is West Ham United’s record signing, arriving for £51.2m from Olympique Lyonnais in 2022? Lucas Paquetá
79%
With which club does West Ham United contest the Dockers Derby? Millwall
79%
At which ground did West Ham United play from 1904 until 2016? Boleyn Ground
77%
In 2006, West Ham United completed the shock signing of which two Argentinians? Carlos Tévez
75%
What is the name of the West Ham United club anthem? I’m Forever Blowing Bubbles
74%
In 2006, West Ham United completed the shock signing of which two Argentinians? Javier Mascherano
63%
Which three members of England’s 1966 World Cup-winning squad were West Ham United players at the time? Geoff Hurst
61%
Which Englishman West Ham United's record appearance-maker with 799? Billy Bonds
40%
Which three members of England’s 1966 World Cup-winning squad were West Ham United players at the time? Martin Peters
39%
Which Englishman is West Ham United’s record goalscorer with 326? Vic Watson
25%
Who scored a brace as West Ham United defeated 1860 Munich in the 1965 European Cup Winners’ Cup Final? Alan Sealey
7%
No matching quizzes found
Score Distribution
Percent of People with Each Score
Percentile by Number Answered
Your Score History
You have not taken this quiz since the last reset